000 00664nam a2200193Ia 4500
003 GCL
008 140319s9999 xx 000 0 ara d
040 _aGCL /
_cGCL
082 0 4 _a347.03
_bح ط
100 1 _aحسن علام
245 1 0 _aالطعن بالنقض فى المواد الجنائية /
_cحسن علام
260 _a[S.N] :
_bمنشاة المعارف الاسلامية ،
_c1990
490 _aالكتب القانونية
_v0
650 0 4 _aالقانون الجنائى
650 0 4 _aالقانون
650 0 4 _aقانون الاجراءات الجنائية
650 0 4 _aقانون الاجراءات المدنية
942 _2ddc
_cBK
999 _c54049
_d54049